[Event "IND-ch U09 Girls 37th"]
[Site "Pune"]
[Date "2024.12.27"]
[Round "1"]
[White "Hariprana, B."]
[Black "Chhajlani, Anwesha"]
[Result "1-0"]
[WhiteElo "1545"]
[BlackElo "1406"]
[PlyCount "121"]
[EventDate "2024.12.27"]
[EventType "swiss"]
[EventRounds "11"]
[EventCountry "IND"]
[SourceTitle "CB02_2025"]
[SourceDate "2025.01.08"]
[SourceVersion "1"]
[SourceVersionDate "2025.01.08"]
[SourceQuality "1"]

1. d4 d5 2. Bf4 Nf6 3. e3 c5 4. c3 Nc6 5. Nf3 Bg4 6. Nbd2 e6 7. h3 Bxf3 8. Nxf3 Qb6 9. Qb3 c4 10. Qc2 Be7 11. Be2 h6 12. Ne5 0-0 13. 0-0 a5 14. a4 Qa6 15. b3 Nxe5 16. dxe5 Nd7 17. bxc4 dxc4 18. Rfd1 Nc5 19. Rab1 Rfd8 20. Rb5 Rxd1+ 21. Qxd1 Ne4 22. Qc2 Ng5 23. Bxg5 Bxg5 24. Bxc4 Qc6 25. Bd3 Qc7 26. f4 Be7 27. Be4 Bc5 28. Kf2 Rb8 29. Qb3 b6 30. Qc2 f6 31. Qb3 Re8 32. Bg6 Re7 33. Bf5 Kf7 34. Bxe6+ Kf8 35. Qd5 Re8 36. Qd7 Qxd7 37. Bxd7 Re7 38. e6 Kg8 39. Ke2 Kh7 40. f5 Kg8 41. e4 Kf8 42. g4 Kg8 43. h4 Kf8 44. g5 hxg5 45. hxg5 fxg5 46. e5 g6 47. f6 Rh7 48. Rxc5 bxc5 49. e7+ Rxe7 50. fxe7+ Kxe7 51. e6 c4 52. Kf3 g4+ 53. Kxg4 Kf6 54. Bc8 Ke7 55. Kg5 Kd8 56. Kxg6 Ke7 57. Bd7 Kf8 58. Kf6 Kg8 59. e7 Kh7 60. e8Q Kh6 61. Qh8# 1-0